000 00575nam a22001937a 4500
005 20251108175952.0
008 250721s2001 xx 000 0 ara d
082 1 4 _a956.941/غني
100 1 _aغنيم، عبد الحميد
245 1 0 _aالنمو العمراني في اقليم العين /
264 1 _aابو ظبي :
_bالمجمع الثقافي،
_c2001.
300 _a215ص.
650 1 7 _aالامارات العربية
650 1 7 _aالمدن العربية
650 1 7 _aتاريخ
650 1 7 _aعمران
942 _2ddc
_cBK
999 _c146680
_d146680